100 Most Common English Words - By Part of Speech - Statistics

General Stats
  • This quiz has been taken 48 times
  • The average score is 53 of 100
Answer Stats
Rank Word % Correct
Article 1 the
97%
Article 6 a
95%
Verb 2 be
95%
Pronoun/Determiner 10 I
95%
Article 32 an
89%
Preposition 14 on
89%
Verb 49 go
86%
Pronoun/Determiner 16 he
86%
Pronoun/Determiner 11 it
86%
Particle 3 to
84%
Pronoun/Determiner 18 you
84%
Verb 19 do
81%
Numeral 35 one
81%
Pronoun/Determiner 30 she
81%
Conjunction 5 and
78%
Preposition 12 for
78%
Pronoun/Determiner 29 her
78%
Pronoun/Determiner 21 this
78%
Numeral 84 two
78%
Pronoun/Determiner 23 his
76%
Pronoun/Determiner 50 me
76%
Particle 56 no
76%
Preposition 4 of
76%
Conjunction 41 so
76%
Pronoun/Determiner 26 they
76%
Adverb 51 when
76%
Preposition 7 in
73%
Pronoun/Determiner 8 that
73%
Pronoun/Determiner 39 their
73%
Pronoun/Determiner 27 we
73%
Pronoun/Determiner 40 what
70%
Pronoun/Determiner 46 who
70%
Pronoun/Determiner 64 your
70%
Pronoun/Determiner 34 my
68%
Conjunction 22 but
65%
Verb 53 can
65%
Verb 9 have
65%
Adverb 85 how
65%
Pronoun/Determiner 68 them
65%
Verb 47 get
62%
Adverb 13 not
62%
Pronoun/Determiner 58 him
57%
Conjunction 44 if
57%
Pronoun/Determiner 96 these
57%
Pronoun/Determiner 36 all
54%
Conjunction 94 because
54%
Preposition 24 by
54%
Verb 69 see
54%
Adverb 38 there
54%
Pronoun/Determiner 77 its
51%
Preposition 54 like
51%
Pronoun/Determiner 86 our
51%
Verb 28 say
51%
Adverb 72 then
51%
Conjunction 17 as
49%
Preposition 25 from
49%
Conjunction 31 or
49%
Pronoun/Determiner 100 us
49%
Preposition 42 up
46%
Verb 33 will
46%
Preposition 15 with
46%
Verb 67 could
43%
Adjective 65 good
43%
Preposition 20 at
41%
Verb 76 come
41%
Pronoun/Determiner 66 some
41%
Verb 37 would
41%
Conjunction 71 than
38%
Pronoun/Determiner 48 which
38%
Adverb 57 just
35%
Verb 59 know
35%
Verb 52 make
35%
Preposition 78 over
35%
Verb 60 take
35%
Preposition 45 about
32%
Preposition 82 after
32%
Noun 98 day
32%
Preposition 62 into
32%
Adverb 80 also
30%
Verb 97 give
30%
Adverb 73 now
30%
Adjective 75 only
30%
Pronoun/Determiner 95 any
27%
Adverb 91 even
27%
Verb 74 look
27%
Adjective 92 new
27%
Verb 79 think
27%
Noun 55 time
27%
Verb 93 want
27%
Adverb 43 out
24%
Noun 90 way
24%
Adverb 89 well
24%
Noun 61 people
22%
Verb 83 use
22%
Pronoun/Determiner 99 most
19%
Noun 63 year
16%
Adjective 88 first
14%
Adverb 81 back
11%
Adjective 70 other
11%
Verb 87 work
11%
No matching quizzes found
Score Distribution
Percent of People with Each Score
Percentile by Number Answered
Your Score History
You have not taken this quiz